000 00667nam a2200217Ia 4500
008 191130s1999##################000#0#eng##
020 _a9780471831921
022 _a99012956
040 _aACL
_cACL
082 _a332.1095 CAS
100 _aCasserley, Dominic
245 _aBanking in Asia : the end of entitlement
_cDominic Casserley, Gregg Gibb, and the Financial Institutions Team
260 _aHoboken, NJ
_bWiley
_c1999
300 _a429 p. : ill. ; 24 cm
500 _aIncludes index
650 _aBanks and banking - Asia - Case studies
700 _aGibb, Greg
990 _a47a0219eac10000c61343c0a38deb5e3
991 _a162275
999 _c377325
_d377325